[Event "PK NBSB Open A"]
[Site "Roosendaal NED"]
[Date "2011.08.20"]
[Round "4"]
[White "Von Meijenfeldt,Bart"]
[Black "Konings,F"]
[Result "1-0"]
[WhiteElo "2154"]
[BlackElo "2280"]

1.e4 c5 2.Nc3 Nc6 3.Bb5 Nd4 4.Bc4 e6 5.Nge2 Ne7 6.O-O Nec6 7.Nxd4 Nxd4 8.Ne2 b5
9.Nxd4 bxc4 10.Nf3 d5 11.Qe2 Be7 12.Re1 Bb7 13.exd5 Bxd5 14.Ne5 Bd6 15.Nxc4 Bxh2+
16.Kxh2 Qh4+ 17.Kg1 Bxc4 18.Qe5 Bd5 19.Qxd5  1-0

[Event "Stare Mesto FIDE Open"]
[Site "Stare Mesto CZE"]
[Date "2011.08.20"]
[Round "10"]
[White "Mouryc,T"]
[Black "Simonik,Adam"]
[Result "1-0"]
[WhiteElo "1997"]
[BlackElo "1841"]

1.e4 c5 2.Nf3 Nc6 3.Nc3 g6 4.Bb5 Bg7 5.h3 d6 6.O-O Bd7 7.d3 Nf6 8.Be3 O-O
9.Qd2 a6 10.Bxc6 Bxc6 11.Bh6 Rc8 12.Rae1 b5 13.Bxg7 Kxg7 14.e5 dxe5 15.Nxe5 e6
16.Nxc6 Rxc6 17.Qf4 Qd4 18.Qf3 Rc7 19.Re3 Rd8 20.Qg3 Rcd7 21.Rfe1 Nd5 22.Re4 Qf6
23.Nxd5 Rxd5 24.Re5 a5 25.b3 b4 26.Qe3 Rxe5 27.Qxe5 Rd5 28.Qxf6+ Kxf6 29.Re3 e5
30.Kf1 Ke6 31.Ke2 f5 32.f4 Kf6 33.g3 h6 34.Kf3 g5 35.Re2 h5 36.h4 gxh4 37.gxh4 exf4
38.Re8 Re5 39.Rf8+ Kg7 40.Kxf4 Re2 41.Rxf5 Rxc2 42.Rxh5 Rxa2 43.Rxc5 a4 44.bxa4 Rxa4
45.Rc4 Ra3 46.Ke4 Rb3 47.Kd4 Rb1 48.Ke3 Rb2 49.Re4 b3 50.Rb4 Rh2 51.Rxb3 Rxh4
52.Rb5 Kf7 53.Re5 Kf6 54.d4 Rh1 55.Kd3 Rc1 56.Re2 Rc8 57.d5 Rc1 58.Kd4 Kf7
59.d6 Kf8 60.Kd5 Kf7 61.d7 Rc3 62.Re8 Rd3+ 63.Kc6 Rc3+ 64.Kb5  1-0

[Event "5th Zupanja Open"]
[Site "Zupanja CRO"]
[Date "2011.08.20"]
[Round "7"]
[White "Vajic,G"]
[Black "Rosic,S1"]
[Result "0-1"]
[WhiteElo "2160"]
[BlackElo "2211"]

1.e4 c5 2.Nc3 Nc6 3.Bb5 Nd4 4.Bc4 d6 5.Nge2 Nf6 6.d3 Nxe2 7.Qxe2 e6 8.O-O Be7
9.f4 d5 10.Bb5+ Kf8 11.e5 Ne8 12.Bxe8 Kxe8 13.Bd2 g6 14.Nd1 Bd7 15.Nf2 Bc6
16.a3 a5 17.b4 axb4 18.axb4 cxb4 19.d4 Kd7 20.Nd3 Qb6 21.Qe3 Bb5 22.Nc5+ Kc6
23.Nd3 Bxd3 24.Qxd3 Qb5 25.Qe3 Qc4 26.Rab1 Ra2 27.Rb3 Rxc2 28.Rfb1 Ra8 29.h3 Ra4
30.Kh2 h5 31.Kg3 Ra3 32.Be1 Rxb3 33.Rxb3 Re2  0-1

[Event "Trade Fair Open A"]
[Site "Brno CZE"]
[Date "2011.08.21"]
[Round "2"]
[White "Bocek,Tadeas"]
[Black "Pekarkova,E"]
[Result "0-1"]
[WhiteElo "1793"]
[BlackElo "1980"]

1.e4 c5 2.Nc3 Nc6 3.Bb5 d6 4.Bxc6+ bxc6 5.f4 Nf6 6.Nf3 g6 7.O-O Bg7 8.d3 O-O
9.Be3 Ng4 10.Bd2 f5 11.h3 Nf6 12.Qe2 Qb6 13.Rab1 Nh5 14.Kh2 fxe4 15.Qxe4 Qc7
16.Rbe1 e6 17.Ng5 e5 18.Qc4+ Kh8 19.fxe5 Rxf1 20.Rxf1 Bxe5+ 21.Bf4 Bxf4+
22.Rxf4 d5  0-1

[Event "Manhattan Open"]
[Site "New York USA"]
[Date "2011.08.21"]
[Round "8"]
[White "Kovalchuk,I"]
[Black "Prilleltensky,M"]
[Result "0-1"]
[WhiteElo "2034"]
[BlackElo "2090"]

1.e4 c5 2.Nc3 Nc6 3.Nf3 Nf6 4.d4 cxd4 5.Nxd4 e5 6.Ndb5 d6 7.Bg5 a6 8.Bxf6 gxf6
9.Na3 b5 10.Nd5 f5 11.c3 Bg7 12.Bd3 Be6 13.Qh5 O-O 14.O-O f4 15.Rad1 Ne7
16.Nxe7+ Qxe7 17.Bb1 Kh8 18.Rd2 Rg8 19.Rfd1 Bf6 20.Qe2 Bh3 21.g3 Bg4 22.f3 Bh3
23.Qd3 fxg3 24.hxg3 Rxg3+ 25.Kh2 Rag8 26.Qxd6 Qxd6 27.Rxd6 Bc8 28.Rd7 Bxd7
29.Rxd7 R3g6  0-1

[Event "PK NBSB Open A"]
[Site "Roosendaal NED"]
[Date "2011.08.21"]
[Round "6"]
[White "Von Meijenfeldt,Bart"]
[Black "Nabuurs,M"]
[Result "0-1"]
[WhiteElo "2154"]
[BlackElo "2189"]

1.e4 c5 2.Nc3 Nc6 3.Bb5 Nd4 4.Bc4 e6 5.Nge2 Nf6 6.O-O a6 7.d3 b5 8.Bb3 Nxb3
9.axb3 Bb7 10.Bg5 d6 11.f4 Be7 12.f5 e5 13.Bxf6 Bxf6 14.Ng3 Bh4 15.Nh5 g6
16.fxg6 hxg6 17.Qf3 Rh7 18.Ng3 Bxg3 19.Qxg3 Qh4 20.Qxh4 Rxh4 21.Nd1 Rf4 22.Rf3 Rxf3
23.gxf3 Ke7 24.Kg2 Ke6 25.Ne3 f5 26.h3 d5 27.exd5+ Bxd5 28.Nxd5 Kxd5 29.Kf2 a5
30.Ke3 f4+ 31.Kf2 a4 32.c4+ Kc6 33.cxb5+ Kxb5 34.Ke2 Rh8 35.bxa4+ Ka5 36.Rc1 Kb6
37.Rh1 Rh5 38.Kf2 Ka5 39.Rc1 Kxa4 40.Rxc5 Kb3 41.d4 exd4 42.Rxh5 gxh5 43.Ke2 Kc2  0-1

[Event "BDO Challengers"]
[Site "Haarlem NED"]
[Date "2011.08.22"]
[Round "3.1"]
[White "Bottema,To"]
[Black "Slingerland,F"]
[Result "0-1"]
[WhiteElo "2247"]
[BlackElo "2390"]

1.e4 c5 2.Nc3 Nc6 3.Bb5 Nd4 4.Bc4 g6 5.Nf3 Bg7 6.Nxd4 cxd4 7.Qf3 e6 8.Nb5 d6
9.Qa3 Ke7 10.c3 dxc3 11.dxc3 a6 12.Nd4 Qc7 13.Qb3 b5 14.Bg5+ Bf6 15.Bxf6+ Nxf6
16.Bd3 Bb7 17.O-O Bxe4 18.Bxe4 Nxe4 19.Rfe1 d5 20.f3 Nf6 21.Qb4+ Kd7 22.a4 Qd6
23.Qxd6+ Kxd6 24.axb5 e5 25.Nc6 Nd7 26.c4 axb5 27.cxb5 f6 28.b4 Nb6 29.Na5 d4
30.Rac1 Rhc8 31.Rc6+ Rxc6 32.bxc6 Nd5 33.Rb1 d3 34.Kf2 Kc7 35.Rb3 Nxb4 36.Rxb4 Rxa5
37.Ke3 Kxc6 38.Kxd3 Ra2 39.Rg4 Kd5 40.h4 f5 41.Rg5 Ke6 42.Rg3 Kf6 43.Kc3 e4
44.Kd4 exf3 45.gxf3 Ra4+ 46.Kd3 Rxh4 47.Rg1 g5 48.Ke3 Rh2 49.Ra1 f4+ 50.Kd3 Rf2
51.Ra6+ Kf5 52.Ra5+ Kg6 53.Ra6+ Kh5 54.Ke4 Rb2 55.Kf5 Rb5+ 56.Ke4 h6 57.Rc6 Rb3
58.Rc1 Kh4 59.Rh1+ Kg3 60.Rxh6 Rxf3 61.Rg6 Re3+ 62.Kf5 f3 63.Rxg5+ Kf2 64.Kg4 Ke2
65.Ra5 f2 66.Ra2+ Kf1 67.Kf4 Rc3 68.Ra8 Kg2 69.Rg8+ Kh2  0-1

[Event "Malaysian Open"]
[Site "Kuala Lumpur MAS"]
[Date "2011.08.22"]
[Round "6.32"]
[White "Qiu,Mengjie"]
[Black "Salcedo,Ri"]
[Result "0-1"]
[WhiteElo "1941"]
[BlackElo "2222"]

1.e4 c5 2.Nf3 Nc6 3.Nc3 Nf6 4.e5 Ng4 5.Qe2 e6 6.d4 cxd4 7.Nb5 Bb4+ 8.Bd2 Bxd2+
9.Kxd2 Qa5+ 10.Kc1 d3 11.Qxd3 Ngxe5 12.Nxe5 Qe1+ 13.Qd1 Qxe5 14.Nd6+ Ke7
15.Nc4 Qf4+ 16.Qd2 Qxd2+ 17.Kxd2 d5 18.Ne3 Rd8 19.c3 d4 20.cxd4 Rxd4+ 21.Kc2 e5
22.a3 Be6 23.Rd1 Rxd1 24.Kxd1 Bb3+ 25.Kd2 Rd8+ 26.Kc3 Nd4 27.Bc4 Bxc4 28.Kxc4 Ke6
29.a4 Rc8+ 30.Kd3 Nb3 31.Ke2 f5 32.g3 g5 33.h4 f4 34.Nd1 g4 35.gxf4 exf4
36.Nc3 f3+ 37.Ke3 Kf5 38.Rd1 Re8+ 39.Kd3 Nc5+ 40.Kc2 Ne4 41.Re1 Rc8 42.Rf1 Nxc3
43.bxc3 Rd8 44.Rb1 g3 45.Rb5+ Ke4 46.Rb4+ Ke5 47.Rb5+ Rd5 48.Rb1 g2  0-1

[Event "Malaysian Open"]
[Site "Kuala Lumpur MAS"]
[Date "2011.08.22"]
[Round "6.27"]
[White "Mariano,N2"]
[Black "Cheah,C"]
[Result "1-0"]
[WhiteElo "2242"]
[BlackElo "2008"]

1.e4 c5 2.Nc3 Nc6 3.Nge2 g6 4.g3 Bg7 5.Bg2 d6 6.O-O e6 7.d3 Nge7 8.Bg5 h6
9.Be3 Nd4 10.Rb1 O-O 11.e5 dxe5 12.Ne4 Nd5 13.Nxc5 Nf5 14.Bd2 b6 15.Ne4 Rb8
16.Qc1 Kh7 17.Rd1 Nf6 18.f4 Nxe4 19.dxe4 Nd4 20.Nxd4 exd4 21.e5 Bb7 22.Bxb7 Rxb7
23.Bb4 Rg8 24.Bd6 f6 25.Rxd4 fxe5 26.Bxe5 Qe7 27.Bxg7 Qxg7 28.Qe3 Re7 29.Re1 Rc8
30.c3 Rf8 31.Re4 Rf6 32.Re5 Qf7 33.Rd1 Rd7 34.Rxd7 Qxd7 35.Qd4 Qc6 36.Re3 Rf5
37.c4 Rc5 38.b3 b5 39.Qf6 Qd6 40.Qf7+ Kh8 41.Qe8+ Kh7 42.Rxe6 Qd1+ 43.Kg2 Qd2+  1-0

[Event "ch-FRA w 2011"]
[Site "Caen FRA"]
[Date "2011.08.23"]
[Round "7"]
[White "Leconte,M"]
[Black "Maisuradze,N"]
[Result "0-1"]
[WhiteElo "2327"]
[BlackElo "2329"]

1.e4 c5 2.Nc3 Nc6 3.Nge2 g6 4.d4 cxd4 5.Nxd4 Bg7 6.Nb3 Nf6 7.Be2 O-O 8.O-O d6
9.Bg5 b6 10.Re1 Bb7 11.Bf1 Re8 12.Nd5 e6 13.Nc3 h6 14.Bf4 e5 15.Be3 Ne7 16.Nb5 Nc8
17.f3 d5 18.exd5 Nxd5 19.c4 Nxe3 20.Rxe3 e4 21.fxe4 Bxb2 22.Rb1 Be5 23.Qe1 Qe7
24.Nc3 Nd6 25.Nd5 Bxd5 26.cxd5 Bf4 27.Re2 Nxe4 28.g3 Bd6 29.Bg2 Bc5+ 30.Nxc5 Qxc5+
31.Kh1 Nd6 32.Rxe8+ Rxe8 33.Qd2 Qe3 34.Qb4 Ne4 35.Qb2 Nf2+ 36.Kg1 Nd3+  0-1

[Event "3rd Senica Open"]
[Site "Senica SVK"]
[Date "2011.08.23"]
[Round "4.12"]
[White "Chovanec,V"]
[Black "Jozefek,M"]
[Result "1-0"]
[WhiteElo "2086"]
[BlackElo "1931"]

1.e4 c5 2.Nc3 Nc6 3.Bb5 g6 4.Bxc6 bxc6 5.f4 Bg7 6.Nf3 Nf6 7.d3 d6 8.O-O O-O
9.Qe1 Qb6 10.Kh1 c4 11.dxc4 Be6 12.b3 Nxe4 13.Nxe4 Bxa1 14.Be3 c5 15.Qxa1 Bf5
16.Ng3 e6 17.Qc3 Rae8 18.Bg1 f6 19.Nd2 Qc6 20.Re1 Kg7 21.Nde4 h5 22.Ng5 Kh6
23.N5e4 Kg7 24.Bf2 h4 25.Nxf6 Rxf6 26.Nxf5+ exf5 27.Rxe8 Qxe8 28.Bxh4 Qe7
29.Kg1  1-0

[Event "Trade Fair Open A"]
[Site "Brno CZE"]
[Date "2011.08.24"]
[Round "5"]
[White "Zavadilova,K"]
[Black "Vojacek,Z"]
[Result "1-0"]
[WhiteElo "1755"]
[BlackElo "1943"]

1.e4 c5 2.Nc3 Nc6 3.Bb5 d6 4.Bxc6+ bxc6 5.f4 e6 6.Nf3 Ne7 7.d3 Ng6 8.O-O Be7
9.Na4 O-O 10.Be3 Qa5 11.b3 f5 12.e5 d5 13.Qe2 Ba6 14.Rac1 c4 15.Nd4 Ba3 16.Rb1 Rfe8
17.Nxc6 cxd3 18.cxd3 Qb5 19.Nd4 Qxd3 20.Qf2 Rac8 21.Rbd1 Qe4 22.Rfe1 Bc5
23.Nc3 Bxd4 24.Nxe4 Bxe3 25.Nf6+ gxf6 26.Qxe3 fxe5 27.fxe5 Rc2 28.Rc1 Rec8
29.Rxc2 Rxc2 30.Qg5 Bd3 31.Rc1 Rxc1+ 32.Qxc1 Nxe5 33.Qc3  1-0

[Event "XVI Seahorse Open A"]
[Site "Rewal POL"]
[Date "2011.08.24"]
[Round "5"]
[White "Ziebinski,B"]
[Black "Gajek,R"]
[Result "0-1"]
[WhiteElo "2003"]
[BlackElo "2054"]

1.e4 c5 2.Nc3 Nc6 3.Bb5 Nd4 4.Bc4 g6 5.Nf3 Bg7 6.Nxd4 cxd4 7.Qf3 e6 8.Ne2 Ne7
9.d3 b5 10.Bb3 Bb7 11.O-O h6 12.Ng3 d5 13.Qe2 dxe4 14.dxe4 Qb6 15.a4 Bc6
16.a5 Qc5 17.Bd2 h5 18.h3 h4 19.Nh1 Rd8 20.Qd3 g5 21.f3 Ng6 22.Nf2 Ne5 23.Qe2 Nc4
24.Nd3 Qe7 25.Nb4 Nxd2 26.Qxd2 Ba8 27.Rae1 Bh6 28.Nd5 Qc5 29.Nf6+ Ke7 30.Ng4 d3+
31.Qf2 Qxf2+ 32.Rxf2 Bg7 33.e5 b4 34.Rd2 dxc2 35.Rxc2 Rc8 36.Rec1 Bb7 37.Rc7+ Kd8
38.Rxc8+ Bxc8 39.Kf2 Re8 40.Rc4 Re7 41.Rxb4 Rd7 42.Ba4 Rd5 43.Rb5 Rd2+ 44.Ke3 Rxg2
45.b4 Rb2 46.Nf6 Bf8 47.Ne4 Rxb4 48.Rxb4 Bxb4 49.Nxg5 Ke7 50.Ne4 Bxa5 51.Nd6 Ba6
52.Kf4 f5 53.Kg5 Be1 54.Ne8 Bf1 55.Ng7 Bxh3 56.Bb3 Bf1 57.Bxe6 h3 58.Bd5 Bg2
59.Nxf5+ Kd8 60.e6 Bb4 61.Kf6 h2 62.Ng3 Bd6 63.Kf7 h1=Q 64.Nxh1 Bxh1 65.Bc6 a5
66.Kf6 Bg2 67.Kf7 Be7 68.Kg6 Kc7 69.Bd5 a4 70.Kf5 Kd6 71.Bc4 Bxf3  0-1

[Event "26th Schwarzacher Open"]
[Site "Schwarzach AUT"]
[Date "2011.08.24"]
[Round "5"]
[White "Wohl,A"]
[Black "Rieger,R"]
[Result "1-0"]
[WhiteElo "2405"]
[BlackElo "2150"]

1.e4 c5 2.Nc3 Nc6 3.Nge2 Nf6 4.g3 e5 5.Bg2 d6 6.d3 Be7 7.h3 Rb8 8.O-O O-O
9.f4 b5 10.g4 b4 11.Nb1 a5 12.Nd2 Ba6 13.b3 Nd4 14.Nxd4 cxd4 15.Nf3 Nd7 16.f5 Rc8
17.g5 f6 18.h4 Bb7 19.Rf2 Nc5 20.g6 h6 21.Nh2 Re8 22.Qh5 Bf8 23.Ng4 Rc7 24.a3 Nd7
25.axb4 axb4 26.Bf3 Qc8 27.Ra2 Rc3 28.Rg2 Qc5 29.Bxh6  1-0

[Event "20th Kaerntner Chess Summer"]
[Site "Feffernitz AUT"]
[Date "2011.08.25"]
[Round "6"]
[White "Gruber,O"]
[Black "Pacher,S"]
[Result "0-1"]
[WhiteElo "1816"]
[BlackElo "1942"]

1.Nc3 c5 2.Nf3 Nc6 3.e4 g6 4.Bc4 Bg7 5.O-O a6 6.a4 d6 7.h3 Nf6 8.d3 O-O 9.Bg5 h6
10.Bh4 g5 11.Bg3 g4 12.hxg4 Bxg4 13.Ne2 Bxf3 14.gxf3 Nh5 15.Kg2 e5 16.Rh1 Qg5
17.Qc1 Qg6 18.Rh4 Bf6 19.Rg4 Bg5 20.f4 Nf6 21.Rxg5 hxg5 22.fxg5 Nh5 23.f4 exf4
24.Bxf4 Ne5 25.Bd5 Rab8 26.Ng3 Nxg3 27.Kxg3 Kg7 28.b4 Rh8 29.Qb2 Rbe8 30.bxc5 Qh5
31.Bxe5+ dxe5 32.Rg1 Qh2+  0-1

[Event "72nd ch-ARM 1st League"]
[Site "Kajaran ARM"]
[Date "2011.08.25"]
[Round "7"]
[White "Hayrapetian,A"]
[Black "Grigoryan,K2"]
[Result "0-1"]
[WhiteElo "2360"]
[BlackElo "2473"]

1.e4 c5 2.Nf3 Nc6 3.Nc3 e6 4.Bb5 Nge7 5.O-O Ng6 6.Bxc6 bxc6 7.e5 f6 8.exf6 gxf6
9.d4 cxd4 10.Nxd4 c5 11.Nb3 Bb7 12.Qh5 Qc7 13.Be3 d6 14.Rfe1 O-O-O 15.Nb5 Qb6
16.c4 a6 17.Nc3 Rg8 18.f3 Ne5 19.Kh1 Rxg2 20.Kxg2 Bxf3+ 21.Qxf3 Nxf3 22.Kxf3 Qb4
23.Bf4 Qxc4 24.Re4 Qd3+ 25.Kf2 Qh3 26.Ra4 Qf5 27.Kg1 d5 28.Bg3 c4 29.Rxa6 cxb3
30.Rc6+ Kd7 31.Rc7+ Ke8 32.axb3 d4 33.Rf1 Qg6 34.Re1 Bd6 35.Rxe6+ Kf8 36.Ne4 Bxc7
37.Rxf6+ Qxf6 38.Nxf6 Bxg3 39.Nxh7+ Ke7  0-1

[Event "10th Neumarkt am Wallersee Open"]
[Site "Neumarkt am Wallersee GER"]
[Date "2011.08.25"]
[Round "6"]
[White "Pruesse,H"]
[Black "Marta,Dominik"]
[Result "0-1"]
[WhiteElo "2079"]
[BlackElo "1839"]

1.e4 c5 2.Nc3 Nc6 3.Bb5 e6 4.f4 d5 5.e5 Bd7 6.Nf3 d4 7.Ne4 Nxe5 8.fxe5 Bxb5
9.d3 Bc6 10.Qe2 Bxe4 11.Qxe4 Ne7 12.Qxb7 Qd5 13.Qxd5 Nxd5 14.O-O h6 15.Bd2 Rb8
16.c3 Rxb2 17.cxd4 cxd4 18.Rfb1 Rxb1+ 19.Rxb1 Kd7 20.Rb7+ Kc6 21.Rxa7 Bb4
22.Rxf7 Bxd2 23.Nxd2 Nb4 24.Rxg7 Nxd3 25.Rg4 Nc1 26.Nf3 Rd8 27.Nxd4+ Rxd4
28.Rg6 Kd5 29.Rxh6 Rf4 30.g3 Ra4 31.Kf2 Nd3+ 32.Ke3 Nxe5 33.Rh4 Ra3+ 34.Kf2 Rxa2+
35.Ke3 Rxh2 36.Rd4+ Kc5 37.Rd8 Nc4+ 38.Kf3 Rd2 39.Rc8+ Kd4 40.g4 Ne5+ 41.Kg3 Rd3+
42.Kh4 Ke3 43.Re8 Nf3+ 44.Kh5 Rd5+ 45.Kh6 Nd4 46.g5 e5 47.g6 e4 48.Rf8 Nf5+
49.Kg5 Ne7+ 50.Kf6 Nxg6 51.Kxg6 Kd2 52.Rf2+ Ke1 53.Rh2 e3 54.Kf6 e2 55.Ke6 Rd8
56.Ke7 Rd3  0-1

[Event "3rd Senica Open"]
[Site "Senica SVK"]
[Date "2011.08.25"]
[Round "6.12"]
[White "Chovanec,V"]
[Black "Ostrochovsky,A"]
[Result "1/2-1/2"]
[WhiteElo "2086"]
[BlackElo "1945"]

1.e4 c5 2.Nc3 Nc6 3.Bb5 Nd4 4.Bc4 e6 5.Nge2 a6 6.d3 Nxe2 7.Qxe2 d6 8.O-O Nf6
9.Bg5 Be7 10.f4 b5 11.Bb3 b4 12.Nd1 Bb7 13.Ne3 h6 14.Bxf6 Bxf6 15.Ba4+ Kf8
16.f5 e5 17.Bb3 a5 18.Qh5 Qc7 19.a4 Rd8 20.Bd5 Ba6 21.h4 Qe7 22.g3 Qe8 23.b3 Ke7
24.Bc4 Bb7 25.Bb5 Qg8 26.Rae1 Qh7 27.Bc4 Rhf8 28.Qg4 h5 29.Qh3 Qh6 30.Kf2 Rg8
31.Ke2 Rdf8 32.Bb5 Ra8 33.Rf3 Rad8 34.Bc4 Rdf8 35.Ref1 Kd8 36.Bd5 Ba6 37.Rh1 Rh8
38.Qg2 Ke7 39.Qf2 Rfg8 40.c3 Rc8 41.cxb4 cxb4 42.Bc4 Bb7 43.g4 hxg4 44.Nxg4 Qh5
45.Qa7 Qxg4 46.Qxb7+ Kd8 47.Rf1 Rxh4 48.Qb6+ Ke7 49.Qa7+ Kd8 50.Bb5 Rh2+
51.Kd1 Rd2+ 52.Kxd2 Bg5+ 53.Ke1 Rc1+ 54.Ke2 Rc2+ 55.Kd1 Rc1+ 56.Ke2  1/2-1/2

[Event "1st Alghero Open"]
[Site "Alghero ITA"]
[Date "2011.08.27"]
[Round "2.7"]
[White "Vocaturo,D"]
[Black "Piscopo,P"]
[Result "1/2-1/2"]
[WhiteElo "2537"]
[BlackElo "2397"]

1.e4 c5 2.Nc3 Nc6 3.Bb5 Nd4 4.Bc4 e6 5.Nge2 a6 6.d3 b5 7.Bb3 Nxb3 8.axb3 Bb7
9.O-O Nf6 10.f4 d5 11.e5 d4 12.exf6 dxc3 13.f5 Qd5 14.Rf2 gxf6 15.fxe6 O-O-O
16.exf7 Qxf7 17.bxc3 Rg8 18.Ng3 c4 19.bxc4 Bc5 20.d4 Qxc4 21.Qd3 Qe6 22.Bd2 Bd6
23.Re1 Qf7 24.Qf5+ Kb8 25.Bf4 Bxf4 26.Qxf4+ Ka8 27.Qxf6 Qxf6 28.Rxf6 Rc8
29.Re3 b4 30.Rb6 Rxc3 31.Re7 Rb8 32.d5 Rxc2 33.Nf5 Rxg2+ 34.Kf1 Rxh2 35.Nd6 Bc8
36.Rc6 Bh3+ 37.Kg1 Ra2 38.Ne8 Rb7 39.Nc7+ Ka7 40.Re8 Rb8 41.Rxb8 Kxb8 42.Nxa6+ Kb7  1/2-1/2

[Event "1st Alghero Open"]
[Site "Alghero ITA"]
[Date "2011.08.27"]
[Round "2.5"]
[White "Kogan,Ar"]
[Black "Bonafede,A"]
[Result "1-0"]
[WhiteElo "2548"]
[BlackElo "2364"]

1.e4 c5 2.Nc3 Nc6 3.Bb5 Nd4 4.Nf3 Nxb5 5.Nxb5 d6 6.d4 Qa5+ 7.Nc3 cxd4 8.Qxd4 Nf6
9.Bg5 Bg4 10.Qd2 Rc8 11.Nd4 Rc4 12.Nb3 Qa6 13.O-O Nxe4 14.Nxe4 Rxe4 15.f3 Re2
16.Qc3 Bd7 17.Nd4 Re5 18.f4 Re4 19.Rae1 Rxe1 20.Rxe1 Qb6 21.f5 Qc5 22.Qe3 e5
23.fxe6 fxe6 24.b4 Qb6 25.c4 h6 26.Bh4 g5 27.Bf2 e5 28.Qd3 Be7  1-0

[Event "ch-FRA Accession"]
[Site "Caen FRA"]
[Date "2011.08.27"]
[Round "11.4"]
[White "Bissieres,M"]
[Black "Tirard,H"]
[Result "0-1"]
[WhiteElo "2352"]
[BlackElo "2470"]

1.e4 c5 2.Nf3 Nc6 3.Nc3 g6 4.d4 cxd4 5.Nxd4 Bg7 6.Be3 Nf6 7.Bc4 O-O 8.Bb3 d6
9.h3 Na5 10.O-O b6 11.Qd3 Bb7 12.Rad1 Rc8 13.Rfe1 Nxb3 14.Nxb3 Qc7 15.Bd4 Rfd8
16.Nd5 Nxd5 17.exd5 Be5 18.c3 Bxd5 19.Bxb6 Qxb6 20.Qxd5 e6 21.Qa5 Qxa5 22.Nxa5 Bf6
23.Re4 d5 24.Ra4 Rc7 25.f4 Rb8 26.Rd2 h5 27.Nb3 Kg7 28.Kf2 Rb6 29.Kf3 Rcb7
30.g4 hxg4+ 31.hxg4 g5 32.f5 Be5 33.Re2 Kf6 34.fxe6 fxe6 35.Nc5 Rc7 36.Nd3 Bd6
37.Ra5 Rh7 38.Rf2 Kg6 39.Ke2 Rhb7 40.Kd1 Rh7 41.Ke2 Rc6 42.Kd2 a6 43.Re2 Kf6
44.Rf2+ Ke7 45.Re2 Kd7 46.Ne5+ Bxe5 47.Rxe5 Rh2+ 48.Kd3 Rxb2 49.Rxg5 Rg2
50.Rg7+ Kd6 51.Ra7 Rxg4 52.R5xa6 Rg3+ 53.Kd2 Rxc3 54.Rxc6+ Rxc6 55.a4 Kc5
56.Ra8 Kd4 57.a5 e5 58.a6 e4 59.a7 e3+ 60.Ke2 Rc2+ 61.Kf3 Rf2+ 62.Kg3 Rf7
63.Kg2 Rd7 64.Kf1 Kd3 65.Ke1 Rc7  0-1

[Event "Circuito CBX IM"]
[Site "Natal BRA"]
[Date "2011.08.27"]
[Round "3"]
[White "Rodi,L"]
[Black "Barreto Filho,C"]
[Result "1/2-1/2"]
[WhiteElo "2416"]
[BlackElo "2314"]

1.e4 c5 2.Nc3 Nc6 3.Bb5 Nd4 4.Bc4 g6 5.Nf3 Bg7 6.Nxd4 cxd4 7.Qf3 Nh6 8.d3 O-O
9.Ne2 Ng4 10.Qg3 d6 11.h4 h5 12.Bb3 a5 13.a4 e6 14.Bf4 Ra6 15.f3 Ne5 16.Qf2 Qb6
17.O-O-O Nd7 18.Bc4 Nc5 19.Bxa6 bxa6 20.b3 Nxb3+ 21.cxb3 Qxb3 22.Kd2 Qb4+
23.Nc3 dxc3+ 24.Ke2 Qxa4 25.Rc1 d5 26.Qe1 dxe4 27.fxe4 e5 28.Be3 Bg4+ 29.Kf2 c2
30.Qc3 Rc8 31.Qd2 Bf8 32.Ra1 Qb3 33.Qxa5 Qxd3 34.Qxa6 Qxe4 35.Rhf1 Be7 36.Qa7 Qxe3+
37.Kxe3 Bc5+ 38.Qxc5 Rxc5 39.Kd2 Bf5 40.Rfe1 Kg7 41.Rac1 Kf6 42.Re3 Rc4 43.g3 Ke6
44.Ra3 Rc6 45.Rb3 Rd6+ 46.Kc3 Rd3+ 47.Kb2 Rxb3+ 48.Kxb3 Be4 49.Kc3 f5 50.Re1 Kf6
51.Kd2 g5 52.Ke3 gxh4 53.gxh4 Ke6 54.Ra1 Kd5 55.Ra5+ Kc4 56.Kd2 c1=Q+ 57.Kxc1 Kd4
58.Kd2 f4 59.Ra4+ Kd5 60.Ke2 Bf5 61.Ra5+ Ke4 62.Ra4+ Kd5 63.Ra5+ Kd4 64.Ra4+ Kd5
65.Ra5+  1/2-1/2

[Event "31st Presolana Open"]
[Site "Presolana ITA"]
[Date "2011.08.27"]
[Round "8.1"]
[White "Fedorchuk,S"]
[Black "Sveshnikov,E"]
[Result "1/2-1/2"]
[WhiteElo "2618"]
[BlackElo "2514"]

1.e4 c5 2.Nf3 Nc6 3.Nc3 e5 4.Bc4 d6 5.d3 Be7 6.Nd2 Nf6 7.Nf1 Bg4 8.f3 Be6
9.Ne3 O-O 10.O-O Nd7 11.Ncd5 Nb6 12.Nxb6 Qxb6 13.Nd5 Qd8 14.a4  1/2-1/2

[Event "26th Schwarzacher Open"]
[Site "Schwarzach AUT"]
[Date "2011.08.27"]
[Round "8"]
[White "Stephan,Ax"]
[Black "Schnegg,D"]
[Result "1-0"]
[WhiteElo "2194"]
[BlackElo "2139"]

1.e4 c5 2.Nc3 Nc6 3.Nge2 e5 4.Nd5 d6 5.Nec3 Nf6 6.Bc4 Be6 7.d3 Nd4 8.O-O Be7
9.Nxe7 Qxe7 10.Bg5 h6 11.Bxf6 Qxf6 12.Nb5 Bxc4 13.dxc4 Nxb5 14.cxb5 O-O 15.Qd5 Qe7
16.Rad1 Rad8 17.f4 exf4 18.Rxf4 Qe6 19.a4 Qxd5 20.Rxd5 Rfe8 21.a5 f6 22.Kf2 Re5
23.Ke3 Kf7 24.Rf5 Re6 25.Kd3 Rde8 26.Rf4 Ke7 27.h4 Kd7 28.h5 Re5 29.Rxe5 Rxe5
30.g4 Ke6 31.c4 Rg5 32.Ke3 Ke5 33.Rf5+ Rxf5 34.gxf5 b6 35.axb6 axb6 36.b3 d5
37.cxd5 Kd6 38.Kf4 Kd7 39.e5 Ke7 40.Ke4 Ke8 41.d6 fxe5 42.Kxe5 Kd8 43.Ke6  1-0

[Event "23rd Schlosspark-Open"]
[Site "Wiesbaden GER"]
[Date "2011.08.27"]
[Round "4.60"]
[White "Urban,T"]
[Black "Spelleken,Hans-Gerd"]
[Result "0-1"]
[WhiteElo "1442"]
[BlackElo "1714"]

1.e4 c5 2.Nf3 Nc6 3.Nc3 g6 4.d4 cxd4 5.Nxd4 Bg7 6.Nxc6 bxc6 7.Bd2 Qb6 8.Na4 Qd4
9.Nc3 d6 10.Rb1 Nf6 11.Bd3 Ng4 12.Qe2 Ne5 13.Be3 Nxd3+ 14.cxd3 Qb4 15.Qc2 O-O
16.O-O Ba6 17.Rfd1 f5 18.f3 f4 19.Bf2 Qa5 20.a3 Qg5 21.Ne2 c5 22.b4 cxb4
23.Rxb4 Bc8 24.Kh1 h5 25.Nd4 Kh7 26.Qa2 Qf6 27.Qd5 Bd7 28.Rc1 Rac8 29.Rcc4 h4
30.h3 Rc5 31.Qb7 a5 32.Rb6 Bc8 33.Qa7 Qg5 34.Rc6 Bxd4 35.Bxd4 Rxc6 36.Rxc6 Be6
37.Rc7 Re8 38.e5 dxe5 39.Qxa5 Rb8 40.Qxe5 Rb1+ 41.Kh2 Qg3+  0-1

[Event "7th Dieppe Open A"]
[Site "Dieppe FRA"]
[Date "2011.08.28"]
[Round "1.8"]
[White "Marholev,D"]
[Black "Louis Sidois,C"]
[Result "1-0"]
[WhiteElo "2377"]
[BlackElo "1917"]

1.e4 c5 2.Nc3 Nc6 3.Bb5 e6 4.Bxc6 bxc6 5.d3 d5 6.Nge2 Nf6 7.O-O Be7 8.e5 Nd7
9.f4 O-O 10.b3 f6 11.exf6 Bxf6 12.Rb1 e5 13.f5 Nb6 14.Ba3 Be7 15.Ng3 c4 16.Bxe7 Qxe7
17.dxc4 dxc4 18.Nce4 Nd5 19.Qe2 cxb3 20.axb3 a5 21.Rf2 Kh8 22.Qc4 Bd7 23.Re1 Rab8
24.Qc5 Rb5 25.Qxe7 Nxe7 26.Nc3 Rbb8 27.Rxe5 Rf7 28.Rxa5 Rbf8 29.Ra7 Bxf5
30.Rxe7 Rxe7 31.Rxf5 Rxf5 32.Nxf5 Re5 33.Nd4 c5 34.Nf3 Re3 35.Na4 c4 36.bxc4 Kg8
37.Kf2 Ra3 38.Nb6 Kf8 39.Nd5 Ra4 40.Ne3 Ke7 41.Ke2 h6 42.Kd3 Ke6 43.Nd4+ Ke5
44.c3 g5 45.c5 h5 46.c6 Kd6 47.Nef5+ Kc7 48.Ne3 Ra1 49.Nd5+  1-0

[Event "31st Presolana Open"]
[Site "Presolana ITA"]
[Date "2011.08.28"]
[Round "9.10"]
[White "Vishnu,P"]
[Black "Melia,S"]
[Result "1/2-1/2"]
[WhiteElo "2340"]
[BlackElo "2437"]

1.e4 c5 2.Nc3 Nc6 3.Bb5 Nd4 4.Nf3 Nxb5 5.Nxb5 d6 6.d4 a6 7.Nc3 cxd4 8.Qxd4 e5
9.Qd3 Be6 10.Bg5 Qc7 11.O-O-O h6 12.Be3 Nf6 13.Nh4 Rc8 14.Nf5 Bxf5  1/2-1/2

[Event "TCh-ESP CECLUB Div 1 GpB"]
[Site "Sabadell ESP"]
[Date "2011.08.29"]
[Round "1"]
[White "Perpinya Rofes,L"]
[Black "Torrecillas Martinez,A"]
[Result "0-1"]
[WhiteElo "2395"]
[BlackElo "2413"]

1.e4 c5 2.Nc3 Nc6 3.Nge2 Nf6 4.d4 cxd4 5.Nxd4 d6 6.Bg5 e6 7.Qd2 Be7 8.O-O-O Nxd4
9.Qxd4 O-O 10.f4 h6 11.Bh4 Qa5 12.e5 dxe5 13.Qxe5 b5 14.Qxb5 Qc7 15.Qe5 Qb7
16.Bd3 Rb8 17.b3 Ng4 18.Qh5 Ba3+ 19.Kb1 Qc7 20.Ne2 f5 21.Be1 Nf6 22.Qg6 Nd5
23.g4 Rb6 24.gxf5 exf5 25.Qg3 Nb4 26.Bc3 Nxd3 27.Rxd3 Ba6 28.Rg1 Rf7 29.Re3 Bc5
30.Re8+ Kh7 31.Rd1 Rg6 32.Qf3 Bb5 33.Be5 Qa5 34.Rc8 Ra6 35.Rxc5 Qxa2+ 36.Kc1 Qa3+
37.Bb2 Qxc5 38.Rd5  0-1

[Event "18th Graz Open"]
[Site "Graz AUT"]
[Date "2011.08.31"]
[Round "5"]
[White "Schink,B"]
[Black "Juergens,Kl"]
[Result "0-1"]
[WhiteElo "2040"]
[BlackElo "2155"]

1.e4 c5 2.Nf3 Nc6 3.Nc3 d6 4.d4 cxd4 5.Nxd4 Nf6 6.Bg5 Bd7 7.Be2 a6 8.O-O e6
9.Be3 Be7 10.f4 b5 11.Bf3 Rc8 12.Nb3 b4 13.Ne2 O-O 14.c4 Na5 15.Nxa5 Qxa5
16.b3 Bc6 17.Ng3 Rfd8 18.Qe1 h5 19.Bd2 h4 20.Nh1 d5 21.e5 Ne8 22.a3 Qb6+
23.Nf2 dxc4 24.bxc4 Bxf3 25.gxf3 Rxc4 26.Rb1 a5 27.Kg2 Rc2 28.Ne4 Qd4 29.Rf2 bxa3
30.Bxa5 Rxf2+ 31.Qxf2 Qxf2+ 32.Kxf2 Ra8 33.Bd2 Nc7 34.Nd6 Nd5 35.Ra1 Bxd6
36.exd6 Kf8 37.Ra2 Ke8 38.f5 exf5 39.Bc1 f4 40.h3 Ne3 41.Bxa3 Kd7 42.Ra1 Nc2
43.Rc1 Nxa3 44.Rc7+ Kxd6 45.Rxf7 g5 46.Rg7 Ra5  0-1

[Event "72nd ch-ARM 1st League"]
[Site "Kajaran ARM"]
[Date "2011.08.31"]
[Round "13"]
[White "Hayrapetian,A"]
[Black "Simonian,H"]
[Result "0-1"]
[WhiteElo "2360"]
[BlackElo "2461"]

1.e4 c5 2.Nf3 Nc6 3.Nc3 g6 4.Bb5 Nd4 5.Bc4 Bg7 6.Nxd4 cxd4 7.Ne2 Nf6 8.d3 d5
9.exd5 Nxd5 10.O-O O-O 11.Bb3 b6 12.Nf4 Nxf4 13.Bxf4 Bb7 14.Qe2 e6 15.Be5 Bxe5
16.Qxe5 Rc8 17.Qg3 Bd5 18.Rfc1 Rc5 19.c3 Bxg2 20.cxd4 Rg5 21.Rc8 Qf6 22.Rxf8+ Kxf8
23.Qd6+ Kg7 24.f4 Bd5+  0-1

[Event "FIDE World Cup 2011"]
[Site "Khanty-Mansiysk RUS"]
[Date "2011.08.31"]
[Round "2.1"]
[White "Zherebukh,Y"]
[Black "Felgaer,R"]
[Result "1-0"]
[WhiteElo "2590"]
[BlackElo "2573"]

1.e4 c5 2.Nc3 Nc6 3.Nf3 e5 4.Bc4 Be7 5.d3 d6 6.O-O Nf6 7.a4 O-O 8.Bd2 h6
9.Nd5 Nxd5 10.exd5 Nd4 11.Nxd4 cxd4 12.f4 Kh7 13.Qe2 exf4 14.Bxf4 f5 15.Rae1 Bf6
16.Bb5 g5 17.Bg3 a6 18.Be8 Be5 19.Bh5 f4 20.Bf2 Bf5 21.g4 fxg3 22.Bxg3 Bxg3
23.hxg3 Kh8 24.Qf2 Kg8 25.g4 Bd7 26.Bf7+ Kh7 27.Qxd4  1-0